书目信息 |
| 题名: |
温室大棚瓜果栽培新技术
|
|
| 作者: | 侯振华 主编 | |
| 分册: | ||
| 出版信息: | 沈阳 沈阳出版社 2010.09 |
|
| 页数: | 131页 | |
| 开本: | 21cm | |
| 丛书名: | 构建和谐新农村系列丛书 | |
| 单 册: | ||
| 中图分类: | S627.5 | |
| 科图分类: | ||
| 主题词: | 瓜类蔬菜--温室栽培 , 瓜类蔬菜 , 温室栽培 | |
| 电子资源: | ||
| ISBN: | 978-7-5441-4111-6 | |
| 000 | 00909oam2 2200289 450 | |
| 001 | 010050003016 | |
| 005 | 20140707105434.50 | |
| 010 | @a978-7-5441-4111-6@dCNY12.80 | |
| 100 | @a20110304d2010 em y0chiy50 ea | |
| 101 | 0 | @achi |
| 102 | @aCN@b210000 | |
| 105 | @ay z 000yy | |
| 106 | @ar | |
| 200 | 1 | @a温室大棚瓜果栽培新技术@9wen shi da peng gua guo zai pei xin ji shu@f侯振华主编 |
| 210 | @a沈阳@c沈阳出版社@d2010.09 | |
| 215 | @a131页@d21cm | |
| 225 | 2 | @a构建和谐新农村系列丛书@i种植类 |
| 300 | @a农村劳动力技能培训用书 | |
| 330 | @a本书共有九章,分别介绍了黄瓜、西瓜、甜瓜、西葫芦、南瓜、苦瓜、番茄、辣椒、茄子。 | |
| 462 | 0 | @12001 @a构建和谐新农村系列丛书@i种植类 |
| 606 | 0 | @a瓜类蔬菜@x温室栽培 |
| 606 | 0 | @a瓜类蔬菜 |
| 606 | 0 | @x温室栽培 |
| 690 | @aS627.5@v4 | |
| 701 | 0 | @a侯振华@9hou zhen hua@4主编 |
| 801 | 0 | @aCN@bRENTIAN@c20110304 |
| 905 | @b847453-55@dS627.5@e310@f3 | |
| 温室大棚瓜果栽培新技术/侯振华主编.-沈阳:沈阳出版社,2010.09 |
| 131页;21cm.-(构建和谐新农村系列丛书.种植类) |
| 农村劳动力技能培训用书 |
| ISBN 978-7-5441-4111-6:CNY12.80 |
| 本书共有九章,分别介绍了黄瓜、西瓜、甜瓜、西葫芦、南瓜、苦瓜、番茄、辣椒、茄子。 |
| ● |
| 相关链接 |
|
|
|
|
正题名:温室大棚瓜果栽培新技术
索取号:S627.5/310
 
预约/预借
| 序号 | 登录号 | 条形码 | 馆藏地/架位号 | 状态 | 备注 |
| 1 | 847453 | 208474532 | 第二样本阅览室/ [索取号:S627.5/310] | 在馆 | |
| 2 | 847454 | 208474541 | 密集书库-生命科学系/ [索取号:S627.5/310] | 在馆 | |
| 3 | 847455 | 208474550 | 第三借阅区/ [索取号:S627.5/310] | 在馆 |